A First Course in Differential Equations with Modeling Applications / (Record no. 949)
[ view plain ]
| 000 -LEADER | |
|---|---|
| fixed length control field | 00956nam a2200265 a 4500 |
| 003 - CONTROL NUMBER IDENTIFIER | |
| control field | (BD-SpBAUS) |
| 005 - DATE AND TIME OF LATEST TRANSACTION | |
| control field | 20250910133957.0 |
| 008 - FIXED-LENGTH DATA ELEMENTS--GENERAL INFORMATION | |
| fixed length control field | 250910s2024 ii a|||| |||| 001 0 eng d |
| 020 ## - INTERNATIONAL STANDARD BOOK NUMBER | |
| International Standard Book Number | 9798214038209 |
| 040 ## - CATALOGING SOURCE | |
| Original cataloging agency | BD-SpBAUS |
| Transcribing agency | BD-SpBAUS |
| 041 ## - LANGUAGE CODE | |
| Language code of text/sound track or separate title | eng |
| 082 ## - DEWEY DECIMAL CLASSIFICATION NUMBER | |
| Classification number | 515.35 |
| Author mark and year | ZIF 2024 |
| 100 ## - MAIN ENTRY--PERSONAL NAME | |
| Personal name | Zill, Dennis G. |
| 9 (RLIN) | 2172 |
| 245 ## - TITLE STATEMENT | |
| Title | A First Course in Differential Equations with Modeling Applications / |
| Statement of responsibility, etc. | Dennis G. Zill ; Metric Version prepared by Aly El-Iraki. |
| 250 ## - EDITION STATEMENT | |
| Edition statement | 12th ed. Metric Version |
| 260 ## - PUBLICATION, DISTRIBUTION, ETC. | |
| Place of publication, distribution, etc. | Boston : |
| Name of publisher, distributor, etc. | Cengage Learning, |
| Date of publication, distribution, etc. | c2024 |
| 300 ## - PHYSICAL DESCRIPTION | |
| Extent | ix, x, 403 pages, 64 variously numbered pages : |
| Other physical details | illustrations (chiefly color) ; |
| Dimensions | 29 cm. |
| 504 ## - BIBLIOGRAPHY, ETC. NOTE | |
| Bibliography, etc. note | Include index and References |
| 650 ## - SUBJECT ADDED ENTRY--TOPICAL TERM | |
| Topical term or geographic name entry element | Differential equations |
| 9 (RLIN) | 2322 |
| 650 ## - SUBJECT ADDED ENTRY--TOPICAL TERM | |
| Topical term or geographic name entry element | Differential equations Textbooks |
| 9 (RLIN) | 2323 |
| 650 ## - SUBJECT ADDED ENTRY--TOPICAL TERM | |
| Topical term or geographic name entry element | Textbooks |
| 700 ## - ADDED ENTRY--PERSONAL NAME | |
| Personal name | El-Iraki, Aly |
| 9 (RLIN) | 2324 |
| 856 ## - ELECTRONIC LOCATION AND ACCESS | |
| Uniform Resource Identifier | <a href="https://search.worldcat.org/title/971589958">https://search.worldcat.org/title/971589958</a> |
| 942 ## - ADDED ENTRY ELEMENTS (KOHA) | |
| Source of classification or shelving scheme | Dewey Decimal Classification |
| Koha item type | Books |
| Suppress in OPAC | No |
| Withdrawn status | Lost status | Source of classification or shelving scheme | Damaged status | Not for loan | Home library | Current library | Date acquired | Source of acquisition | Cost, normal purchase price | Total Checkouts | Full call number | Barcode | Date last seen | Copy number | Price effective from | Koha item type | Shelving location | Date last checked out |
|---|---|---|---|---|---|---|---|---|---|---|---|---|---|---|---|---|---|---|
| Dewey Decimal Classification | Not For Loan | BAUST Central Library | BAUST Central Library | 06/26/2025 | Modern | 2659.00 | 515.35 ZIF 2024 | 14768 | 09/10/2025 | C-1 | 09/10/2025 | Books | ||||||
| Dewey Decimal Classification | BAUST Central Library | BAUST Central Library | 06/26/2025 | Modern | 2659.00 | 2 | 515.35 ZIF 2024 | 14769 | 11/18/2025 | C-2 | 09/10/2025 | Books | General Stacks | 11/04/2025 | ||||
| Dewey Decimal Classification | BAUST Central Library | BAUST Central Library | 06/26/2025 | Modern | 2659.00 | 1 | 515.35 ZIF 2024 | 14770 | 03/31/2026 | C-3 | 09/10/2025 | Books | General Stacks | 03/29/2026 | ||||
| Dewey Decimal Classification | BAUST Central Library | BAUST Central Library | 06/26/2025 | Modern | 2659.00 | 515.35 ZIF 2024 | 14771 | 09/10/2025 | C-4 | 09/10/2025 | Books | General Stacks | ||||||
| Dewey Decimal Classification | BAUST Central Library | BAUST Central Library | 06/26/2025 | Modern | 2659.00 | 4 | 515.35 ZIF 2024 | 14772 | 03/29/2026 | C-5 | 09/10/2025 | Books | General Stacks | 02/09/2026 |
